000
00237nam a22000857a 4500
008
160705b xxu||||| |||| 00| 0 eng d
100
_9
2270
_a
Kirkpatrick, E.M
245
_a
Chambers 20th Century Dictionary
260
_a
New Delhi
_b
Allied
_c
1983
999
_c
1953
_d
1953